[Event "Voronezh op-B 23rd"]
[Site "Voronezh"]
[Date "2019.06.19"]
[Round "8"]
[White "Beldyugin, Alexey"]
[Black "Artemov, Nikita"]
[Result "1-0"]
[WhiteElo "2126"]
[BlackElo "2028"]
[PlyCount "103"]
[EventDate "2019.06.12"]
[EventType "swiss"]
[EventRounds "9"]
[EventCountry "RUS"]
[SourceTitle "CBM 191 Extra"]
[Source "ChessBase"]
[SourceDate "2019.09.30"]
[SourceVersion "1"]
[SourceVersionDate "2019.09.30"]
[SourceQuality "1"]

1. c4 Nf6 2. g3 g6 3. Bg2 Bg7 4. Nc3 0-0 5. d4 c5 6. d5 d6 7. e4 e6 8. Nge2 exd5 9. cxd5 Re8 10. 0-0 b5 11. e5 Rxe5 12. Bf4 Re8 13. Nxb5 Ba6 14. a4 Nh5 15. Bc1 Bxb5 16. axb5 Nd7 17. Nc3 f5 18. Bf3 Nhf6 19. Re1 Ne5 20. Bg2 c4 21. Be3 Nd3 22. Re2 Ng4 23. Bxa7 Rxa7 24. Rxa7 Bd4 25. Rxe8+ Qxe8 26. Qe2 Bxf2+ 27. Kh1 Be3 28. Bf3 Qe5 29. Ra8+ Kg7 30. Bxg4 fxg4 31. b6 Bxb6 32. Qxe5+ Nxe5 33. Ra6 Bd4 34. Rxd6 Nd3 35. Rd7+ Kf6 36. Rxh7 Nxb2 37. Nb5 Bb6 38. Rb7 Ba5 39. Nd4 c3 40. d6 Nd3 41. d7 Ne5 42. Ra7 Bb6 43. Rb7 Ba5 44. Kg2 Ke7 45. Rb5 Bc7 46. Rxe5+ Bxe5 47. Nc6+ Kxd7 48. Nxe5+ Ke6 49. Nd3 Kd5 50. Kf2 Kd4 51. Ke2 Ke4 52. Nf2+ 1-0

[Event "Voronezh op-B 23rd"]
[Site "Voronezh"]
[Date "2019.06.17"]
[Round "6"]
[White "Beldyugin, Alexey"]
[Black "Stepochkin, Fedor"]
[Result "1-0"]
[WhiteElo "2126"]
[BlackElo "1929"]
[PlyCount "101"]
[EventDate "2019.06.12"]
[EventType "swiss"]
[EventRounds "9"]
[EventCountry "RUS"]
[SourceTitle "CBM 191 Extra"]
[Source "ChessBase"]
[SourceDate "2019.09.30"]
[SourceVersion "1"]
[SourceVersionDate "2019.09.30"]
[SourceQuality "1"]

1. c4 Nf6 2. g3 e6 3. Bg2 d5 4. Nf3 b6 5. cxd5 Nxd5 6. 0-0 Be7 7. Nc3 Bb7 8. Qa4+ Qd7 9. Qb3 Nxc3 10. dxc3 0-0 11. Rd1 Qc8 12. Bf4 Nd7 13. Qc2 Nf6 14. c4 Be4 15. Qc3 Qb7 16. Be5 Rfd8 17. h3 c5 18. a4 Ne8 19. g4 Bf6 20. Bxf6 Nxf6 21. a5 h6 22. Rxd8+ Rxd8 23. b4 Qc7 24. b5 Qf4 25. Qe5 Qxe5 26. Nxe5 Rd2 27. Nc6 Bxg2 28. Kxg2 Rc2 29. Nxa7 bxa5 30. b6 Rxc4 31. Nc6 Nd7 32. b7 Nb8 33. Nxb8 Rb4 34. Nd7 Rxb7 35. Nxc5 Rb5 36. Nd3 h5 37. Rc1 hxg4 38. hxg4 Kh7 39. f4 g5 40. Rc7 Kg8 41. Kf3 gxf4 42. Kxf4 f6 43. Rc5 Rxc5 44. Nxc5 Kf7 45. e4 Ke7 46. e5 Kf7 47. g5 f5 48. Kg3 Kg6 49. Nxe6 a4 50. Kf4 a3 51. Nd4 1-0

[Event "Voronezh op-B 23rd"]
[Site "Voronezh"]
[Date "2019.06.14"]
[Round "3"]
[White "Beldyugin, Alexey"]
[Black "Malinin, Sergey Alekseevich"]
[Result "1-0"]
[WhiteElo "2126"]
[BlackElo "1900"]
[PlyCount "89"]
[EventDate "2019.06.12"]
[EventType "swiss"]
[EventRounds "9"]
[EventCountry "RUS"]
[SourceTitle "EXT 2020"]
[Source "ChessBase"]
[SourceDate "2019.10.17"]
[SourceVersion "1"]
[SourceVersionDate "2019.10.17"]
[SourceQuality "1"]

1. d4 g6 2. c4 Bg7 3. Nc3 Nf6 4. g3 0-0 5. Bg2 d6 6. e4 Nbd7 7. Nge2 e5 8. d5 Ne8 9. Be3 a5 10. Qd2 Nc5 11. f4 b6 12. 0-0 f5 13. fxe5 Bxe5 14. Nd4 Bd7 15. exf5 gxf5 16. Ne6 Nxe6 17. dxe6 Bxe6 18. Bxa8 Qxa8 19. Nd5 Bxd5 20. cxd5 c5 21. dxc6 Qxc6 22. Rac1 Qb7 23. Qc2 Ng7 24. Qc6 Qe7 25. Bxb6 Bxb2 26. Qd5+ Kh8 27. Rce1 Be5 28. Bd4 Re8 29. Bxe5 dxe5 30. Qxa5 h5 31. Qb6 Kh7 32. Rf2 e4 33. a4 Qe5 34. Rd1 e3 35. Re2 f4 36. gxf4 Qxf4 37. Qd4 Re4 38. Qd3 Qf3 39. Rf1 Qg4+ 40. Rg2 Qh4 41. Rf7 Qe1+ 42. Qf1 Qxf1+ 43. Kxf1 Rxa4 44. Rfxg7+ Kh8 45. R7g5 1-0

[Event "Voronezh op-B 20th"]
[Site "Voronezh"]
[Date "2016.06.15"]
[Round "4"]
[White "Koshevarov, Alexander"]
[Black "Beldyugin, Alexey"]
[Result "1/2-1/2"]
[WhiteElo "2011"]
[BlackElo "2121"]
[PlyCount "106"]
[EventDate "2016.06.12"]
[EventType "swiss"]
[EventRounds "9"]
[EventCountry "RUS"]
[SourceTitle "EXT 2017"]
[Source "ChessBase"]
[SourceDate "2016.10.25"]
[SourceVersion "1"]
[SourceVersionDate "2016.10.25"]
[SourceQuality "1"]

1. e4 e6 2. d4 d5 3. e5 b6 4. Bb5+ c6 5. Ba4 a5 6. c3 Ba6 7. Ne2 Ne7 8. 0-0 Nf5 9. Re1 Be7 10. Bc2 g6 11. Nd2 Bg5 12. Nf3 Bxc1 13. Rxc1 Bxe2 14. Qxe2 Na6 15. Bd3 Nc7 16. c4 Rc8 17. c5 b5 18. Qd2 Ra8 19. a4 b4 20. Qf4 Qe7 21. Bxf5 gxf5 22. Re3 h6 23. Rd1 Kd7 24. Qh4 Qxh4 25. Nxh4 Rag8 26. Rh3 Rg4 27. f3 Rg5 28. g3 Ne8 29. Kf2 Rh5 30. g4 fxg4 31. fxg4 Rg5 32. Rg1 Rhg8 33. Nf3 R5g6 34. Rhg3 Ke7 35. Ke3 Rh8 36. h4 h5 37. gxh5 Rxg3 38. Rxg3 Kf8 39. Nd2 Ng7 40. Kd3 Rxh5 41. Rh3 Rf5 42. Ke3 Ke7 43. Nb3 Rf1 44. Nxa5 Ra1 45. Nxc6+ Kd7 46. Nxb4 Rxa4 47. Nc2 Ra2 48. Kd3 Rxb2 49. Kc3 Rb8 50. Rf3 Nf5 51. Rf1 Rh8 52. Ra1 Rxh4 53. Ra7+ Ke8 1/2-1/2

[Event "Uljanovsk Volga op"]
[Site "Uljanovsk"]
[Date "2016.01.09"]
[Round "9"]
[White "Beldyugin, Alexey"]
[Black "Breskanu, Nikita"]
[Result "1-0"]
[WhiteElo "2101"]
[BlackElo "1806"]
[PlyCount "115"]
[EventDate "2016.01.05"]
[EventType "swiss"]
[EventRounds "9"]
[EventCountry "RUS"]
[SourceTitle "CBM 170 Extra"]
[Source "ChessBase"]
[SourceDate "2016.02.25"]
[SourceVersion "1"]
[SourceVersionDate "2016.02.25"]
[SourceQuality "1"]

1. c4 Nf6 2. g3 c5 3. Bg2 Nc6 4. Nc3 g6 5. e3 Bg7 6. Nge2 0-0 7. 0-0 Rb8 8. d4 cxd4 9. exd4 d6 10. h3 Bd7 11. Be3 Qc8 12. Kh2 a6 13. Rc1 Qe8 14. Nf4 b5 15. cxb5 axb5 16. Nfd5 Nxd5 17. Nxd5 Qd8 18. Bg5 f6 19. Be3 Rc8 20. Qd2 e6 21. Nf4 d5 22. Nd3 Be8 23. Rc5 Rf7 24. Rfc1 Bf8 25. R5c2 Ra7 26. a3 Qb6 27. h4 Bd6 28. Bf4 Bxf4 29. Qxf4 Kf7 30. Qd6 Rd8 31. Qf4 Nxd4 32. Rc7+ Rxc7 33. Rxc7+ Rd7 34. Ne5+ Ke7 35. Nxd7 Bxd7 36. Rc3 Ne2 37. Qb4+ Kf7 38. Qc5 Qxc5 39. Rxc5 Ke7 40. Bf1 Nd4 41. Kg2 Kd6 42. b4 Bc6 43. f3 e5 44. Kf2 h6 45. Bd3 f5 46. Rc1 Ne6 47. Bb1 d4 48. h5 gxh5 49. Bxf5 Ng5 50. f4 exf4 51. gxf4 Ne4+ 52. Bxe4 Bxe4 53. Rc5 h4 54. Rxb5 d3 55. Ke3 Bg2 56. Rh5 h3 57. Rxh6+ Kd5 58. Kxd3 1-0

[Event "Uljanovsk Volga op"]
[Site "Uljanovsk"]
[Date "2016.01.07"]
[Round "6"]
[White "Beldyugin, Alexey"]
[Black "Olisov, Andrey"]
[Result "1-0"]
[WhiteElo "2101"]
[BlackElo "2153"]
[PlyCount "139"]
[EventDate "2016.01.05"]
[EventType "swiss"]
[EventRounds "9"]
[EventCountry "RUS"]
[SourceTitle "CBM 170 Extra"]
[Source "ChessBase"]
[SourceDate "2016.02.25"]
[SourceVersion "1"]
[SourceVersionDate "2016.02.25"]
[SourceQuality "1"]

1. d4 Nf6 2. Nf3 g6 3. c4 Bg7 4. g3 0-0 5. Bg2 d6 6. 0-0 Nc6 7. Nc3 a6 8. d5 Na5 9. Qa4 c5 10. dxc6 Nxc6 11. Rd1 Bd7 12. Qc2 Rc8 13. c5 dxc5 14. Bg5 b6 15. Bxf6 Bxf6 16. Nd5 Nb8 17. Nxf6+ exf6 18. Rd6 Rc6 19. Rad1 Qc7 20. Qd2 Be6 21. Ne1 Rxd6 22. Qxd6 Qxd6 23. Rxd6 Bxa2 24. Rxb6 Bc4 25. Nd3 Nd7 26. Rd6 Bxd3 27. exd3 Ne5 28. f4 Ng4 29. Rxa6 Ne3 30. Bf3 Rb8 31. Kf2 Nc2 32. Ra8 Rxa8 33. Bxa8 Kf8 34. Bd5 f5 35. Ke2 Ke7 36. Kd2 Nb4 37. Bc4 f6 38. Kc3 Nc6 39. Bd5 Nd4 40. Kc4 Nc2 41. Kxc5 Ne1 42. Kc4 Kd6 43. Bg8 h6 44. Bh7 g5 45. fxg5 fxg5 46. Bxf5 Nc2 47. g4 Ne3+ 48. Kd4 Nf1 49. h3 Nd2 50. Be4 Nb3+ 51. Kc3 Nc5 52. b4 Ne6 53. Bg2 Nf4 54. Bf1 Nd5+ 55. Kb3 Kc7 56. d4 Kb6 57. Bc4 Nf4 58. Kc3 Nxh3 59. Be2 Nf4 60. Bf3 Ne6 61. d5 Nc7 62. Kd4 Nb5+ 63. Ke5 Na3 64. d6 Nc2 65. Be4 Nxb4 66. Ke6 Na6 67. Ke7 Nc5 68. d7 Nxe4 69. d8Q+ Kc5 70. Qd3 1-0

[Event "Uljanovsk Povolje op"]
[Site "Uljanovsk"]
[Date "2015.09.20"]
[Round "6"]
[White "Golubchikov, Alexey"]
[Black "Beldyugin, Alexey"]
[Result "1-0"]
[WhiteElo "1828"]
[BlackElo "2076"]
[PlyCount "87"]
[EventDate "2015.09.12"]
[EventType "swiss"]
[EventRounds "9"]
[EventCountry "RUS"]
[SourceTitle "EXT 2016"]
[Source "ChessBase"]
[SourceDate "2015.10.08"]
[SourceVersion "1"]
[SourceVersionDate "2015.10.08"]
[SourceQuality "1"]

1. e4 d6 2. d4 e5 3. dxe5 dxe5 4. Qxd8+ Kxd8 5. Bc4 f6 6. Be3 c6 7. Ne2 Kc7 8. Nbc3 Nd7 9. 0-0-0 b5 10. Bf7 Nh6 11. Bxh6 gxh6 12. Ng3 Bb4 13. Rd2 Nc5 14. Rhd1 Rf8 15. Bh5 Bxc3 16. bxc3 Be6 17. f3 Bxa2 18. Nf5 a5 19. Nxh6 Bc4 20. Ng4 a4 21. Kb2 a3+ 22. Ka1 Be6 23. Rd6 Ra4 24. Ne3 a2 25. Bg4 Bg8 26. Bd7 Ra6 27. Bf5 h5 28. Bg6 Ra3 29. R6d2 Rxc3 30. Nf5 Ra8 31. Bxh5 b4 32. Kb2 Na4+ 33. Ka1 b3 34. Rd7+ Kb6 35. cxb3 Rxb3 36. Nd6 Nc5 37. Rg7 Rb4 38. Bf7 Bxf7 39. Rxf7 Nb3+ 40. Kb2 a1Q+ 41. Rxa1 Nd4+ 42. Kc3 Rb3+ 43. Kc4 Rxa1 44. Nc8+ 1-0

[Event "Uljanovsk Povolje op"]
[Site "Uljanovsk"]
[Date "2015.09.19"]
[Round "4"]
[White "Beldyugin, Alexey"]
[Black "Saveliev, Dmitri"]
[Result "1/2-1/2"]
[WhiteElo "2076"]
[BlackElo "2159"]
[PlyCount "70"]
[EventDate "2015.09.12"]
[EventType "swiss"]
[EventRounds "9"]
[EventCountry "RUS"]
[SourceTitle "EXT 2016"]
[Source "ChessBase"]
[SourceDate "2015.10.08"]
[SourceVersion "1"]
[SourceVersionDate "2015.10.08"]
[SourceQuality "1"]

1. d4 Nf6 2. g3 g6 3. Bg2 Bg7 4. c4 0-0 5. Nf3 c5 6. 0-0 cxd4 7. Nxd4 Nc6 8. Nc3 a6 9. e3 Qc7 10. b3 Rb8 11. Bb2 d6 12. Rc1 Nxd4 13. Qxd4 Qc5 14. Qxc5 dxc5 15. Na4 Nd7 16. Bxg7 Kxg7 17. Rfd1 b6 18. Rd2 f5 19. f4 Nf6 20. Rcd1 Bb7 21. Bxb7 Rxb7 22. Kg2 Rc8 23. Rd8 Rcc7 24. Kf3 Ne4 25. R1d3 b5 26. Nb2 Nd6 27. Rc3 Ne4 28. Rc2 Rd7 29. Rxd7 Rxd7 30. cxb5 axb5 31. Ke2 b4 32. Na4 Rd5 33. Nb6 Rd8 34. Na4 Rd5 35. Nb6 Rd8 1/2-1/2

[Event "Uljanovsk Povolje op"]
[Site "Uljanovsk"]
[Date "2015.09.12"]
[Round "1"]
[White "Beldyugin, Alexey"]
[Black "Borisov, Yuriy"]
[Result "1-0"]
[WhiteElo "2076"]
[BlackElo "1395"]
[PlyCount "61"]
[EventDate "2015.09.12"]
[EventType "swiss"]
[EventRounds "9"]
[EventCountry "RUS"]
[SourceTitle "EXT 2016"]
[Source "ChessBase"]
[SourceDate "2015.10.08"]
[SourceVersion "1"]
[SourceVersionDate "2015.10.08"]
[SourceQuality "1"]

1. Nf3 c5 2. e3 d5 3. d4 c4 4. b3 cxb3 5. axb3 Nf6 6. Bb5+ Bd7 7. Qd3 a6 8. Nc3 e6 9. 0-0 Be7 10. Ba3 0-0 11. Ne5 Bxb5 12. Nxb5 Bxa3 13. Rxa3 Nbd7 14. Rfa1 Rc8 15. Nd6 Rc7 16. c4 Nxe5 17. dxe5 dxc4 18. bxc4 Ne8 19. Rd1 Nxd6 20. exd6 Rd7 21. c5 Qb8 22. e4 e5 23. Qd5 Re8 24. Rb3 Kf8 25. Rdb1 b5 26. Rd3 Re6 27. Qc6 Qa7 28. Ra1 a5 29. Qxb5 Rb7 30. Qc4 Qb8 31. g3 1-0

[Event "Uljanovsk Sidorov Memorial"]
[Site "Uljanovsk"]
[Date "2015.07.11"]
[Round "8"]
[White "Beldyugin, Alexey"]
[Black "Bataev, Victor"]
[Result "1-0"]
[WhiteElo "2107"]
[BlackElo "1697"]
[PlyCount "133"]
[EventDate "2015.07.07"]
[EventType "swiss"]
[EventRounds "9"]
[EventCountry "RUS"]
[SourceTitle "EXT 2016"]
[Source "ChessBase"]
[SourceDate "2015.10.08"]
[SourceVersion "1"]
[SourceVersionDate "2015.10.08"]
[SourceQuality "1"]

1. d4 Nf6 2. Nf3 e6 3. g3 d5 4. Bg2 Be7 5. c4 dxc4 6. Qa4+ c6 7. Qxc4 0-0 8. a4 a5 9. Nc3 Na6 10. 0-0 Nb4 11. Rd1 Bd7 12. Ne5 Be8 13. Qb3 Rc8 14. e4 b5 15. Be3 Rb8 16. Bf1 bxa4 17. Qxa4 Ra8 18. Rac1 Qb8 19. f3 c5 20. Qa1 cxd4 21. Bxd4 a4 22. Nc4 Qb7 23. Bf2 Bc6 24. Nd6 Bxd6 25. Rxd6 Rfc8 26. Qa3 Ne8 27. Rd4 Rcb8 28. Rd2 h6 29. Rcd1 Rc8 30. Nb5 Nc2 31. Rxc2 Bxb5 32. Rxc8 Rxc8 33. Qb4 Bc6 34. Qxb7 Bxb7 35. Bb5 f5 36. Bd7 Ra8 37. Bxe6+ Kh8 38. Bxf5 Ba6 39. Kg2 Bc4 40. Rd7 Nf6 41. Rc7 Bd3 42. Bd4 Rd8 43. Rc8 Rxc8 44. Bxc8 Bc2 45. Kf2 Bb3 46. Bxf6 gxf6 47. Ke3 Kg7 48. Kd4 Kf7 49. f4 Ke7 50. e5 Bc2 51. Kc3 Bd1 52. exf6+ Kxf6 53. Kb4 h5 54. Bd7 Bg4 55. Bxg4 hxg4 56. Kxa4 Kf5 57. b4 Ke4 58. b5 Kf3 59. b6 Kg2 60. b7 Kxh2 61. b8Q Kxg3 62. f5+ Kg2 63. f6 g3 64. f7 Kh1 65. f8Q g2 66. Qh6+ Kg1 67. Qe3+ 1-0

[Event "Uljanovsk Sidorov Memorial"]
[Site "Uljanovsk"]
[Date "2015.07.11"]
[Round "7"]
[White "Beldyugin, Alexey"]
[Black "Safin, Danis"]
[Result "1-0"]
[WhiteElo "2107"]
[BlackElo "1598"]
[PlyCount "77"]
[EventDate "2015.07.07"]
[EventType "swiss"]
[EventRounds "9"]
[EventCountry "RUS"]
[SourceTitle "EXT 2016"]
[Source "ChessBase"]
[SourceDate "2015.10.08"]
[SourceVersion "1"]
[SourceVersionDate "2015.10.08"]
[SourceQuality "1"]

1. c4 e5 2. g3 Nf6 3. Bg2 c6 4. d4 exd4 5. Qxd4 d5 6. Nc3 Be6 7. cxd5 cxd5 8. Nf3 h6 9. 0-0 Be7 10. Qa4+ Nc6 11. Nd4 Qd7 12. Nxe6 Qxe6 13. Rd1 Rd8 14. Qb5 Qc8 15. Nxd5 Nxd5 16. Rxd5 0-0 17. Be3 a6 18. Qb3 Rxd5 19. Bxd5 Nd8 20. Rc1 Qd7 21. Rd1 Qg4 22. Bf3 Qc8 23. Bb6 Nc6 24. Qd5 Bd8 25. Bc5 Re8 26. Qd7 Bf6 27. Bxc6 Qxc6 28. Qxc6 bxc6 29. Be3 Bxb2 30. Rb1 Bc3 31. Rb6 c5 32. Rxa6 Bd4 33. Bxd4 cxd4 34. Kf1 Rd8 35. Ra3 Kf8 36. Ke1 Ke7 37. Kd2 Rd7 38. Kd3 Ke6 39. Ra4 1-0

[Event "Uljanovsk Sidorov Memorial"]
[Site "Uljanovsk"]
[Date "2015.07.08"]
[Round "3"]
[White "Peruhin, Anatoliy"]
[Black "Beldyugin, Alexey"]
[Result "1-0"]
[WhiteElo "1665"]
[BlackElo "2107"]
[PlyCount "45"]
[EventDate "2015.07.07"]
[EventType "swiss"]
[EventRounds "9"]
[EventCountry "RUS"]
[SourceTitle "EXT 2016"]
[Source "ChessBase"]
[SourceDate "2015.10.08"]
[SourceVersion "1"]
[SourceVersionDate "2015.10.08"]
[SourceQuality "1"]

1. Nf3 Nc6 2. d4 d6 3. e4 e5 4. d5 Nce7 5. c4 Nf6 6. Nc3 Ng6 7. g3 Be7 8. a3 0-0 9. Bg2 h6 10. Be3 Nh7 11. Qd2 f5 12. exf5 Bxf5 13. 0-0 Bh3 14. Bxh3 Rxf3 15. Ne4 Rf8 16. Rae1 Nf6 17. Nxf6+ Bxf6 18. Bxh6 gxh6 19. Qxh6 Nh8 20. Be6+ Nf7 21. Re4 Re8 22. Qg6+ Kh8 23. Kg2 1-0

[Event "Uljanovsk Povolje op"]
[Site "Uljanovsk"]
[Date "2014.08.26"]
[Round "1"]
[White "Beldyugin, Alexey"]
[Black "Goncharov, Evgeniy"]
[Result "1-0"]
[WhiteElo "2070"]
[BlackElo "1717"]
[PlyCount "155"]
[EventDate "2014.08.26"]
[EventType "swiss"]
[EventRounds "9"]
[EventCountry "RUS"]
[SourceTitle "CBM 162 Extra"]
[Source "ChessBase"]
[SourceDate "2014.10.17"]
[SourceVersion "1"]
[SourceVersionDate "2014.10.17"]
[SourceQuality "1"]

1. Nf3 c6 2. d4 d5 3. c4 Nf6 4. Nc3 Bg4 5. Ne5 Bf5 6. Qb3 Qb6 7. c5 Qxb3 8. axb3 Nbd7 9. Bf4 Nxe5 10. Bxe5 Nd7 11. Bg3 e5 12. e3 Be7 13. b4 exd4 14. exd4 0-0 15. Be2 Bf6 16. Rd1 Rfe8 17. 0-0 b6 18. b5 bxc5 19. bxc6 Nb6 20. dxc5 Bxc3 21. cxb6 axb6 22. bxc3 Rxe2 23. Rxd5 Be6 24. Rb5 Ra6 25. Rd1 f6 26. h3 Kf7 27. Rdb1 Rc2 28. Rxb6 Rxb6 29. Rxb6 Rxc3 30. Rb7+ Kg6 31. c7 h5 32. Kh2 Rc2 33. Rb6 Bc8 34. Rb8 Bf5 35. Rh8 Rc4 36. h4 Bg4 37. f3 Bf5 38. Kg1 Rc2 39. Kf1 Bd3+ 40. Ke1 Bf5 41. Bf4 Rc4 42. g3 Rc2 43. Kd1 Rc6 44. Kd2 Be6 45. Kd3 Kf7 46. Rxh5 Kg8 47. Ra5 Kf7 48. Ra7 Bc8 49. Kd4 Ke6 50. Ra8 Kd7 51. h5 Ra6 52. Rb8 Ra4+ 53. Ke3 Ra3+ 54. Ke4 Ra5 55. g4 Rc5 56. Rb6 Rc4+ 57. Ke3 Rc3+ 58. Kf2 Rc2+ 59. Kg3 Rc3 60. h6 gxh6 61. Rxf6 Ke7 62. Be5 Rxc7 63. Rxh6 Rc2 64. f4 Kf7 65. f5 Rc1 66. Kf4 Bd7 67. Rh7+ Ke8 68. Kg5 Bb5 69. Kg6 Rc6+ 70. Bf6 Rc4 71. g5 Rf4 72. Rh8+ Kd7 73. Rd8+ Kc6 74. Be5 Rf3 75. f6 Bd3+ 76. Rxd3 Rxd3 77. f7 Rf3 78. Bf6 1-0

[Event "Uljanovsk Sidorov Memorial"]
[Site "Uljanovsk"]
[Date "2014.07.18"]
[Round "5"]
[White "Gabunov, Fail"]
[Black "Beldyugin, Alexey"]
[Result "0-1"]
[WhiteElo "1793"]
[BlackElo "2093"]
[PlyCount "76"]
[EventDate "2014.07.16"]
[EventType "swiss"]
[EventRounds "9"]
[EventCountry "RUS"]
[SourceTitle "CBM 161 Extra"]
[Source "ChessBase"]
[SourceDate "2014.08.29"]
[SourceVersion "1"]
[SourceVersionDate "2014.08.29"]
[SourceQuality "1"]

1. d4 Nc6 2. c4 e5 3. d5 Nce7 4. Nc3 Ng6 5. e4 Bc5 6. Nf3 d6 7. h3 N8e7 8. Bd3 0-0 9. 0-0 f5 10. Be3 Bxe3 11. fxe3 f4 12. Ne2 fxe3 13. Ng3 Nf4 14. Rc1 c5 15. dxc6 Nxc6 16. c5 Be6 17. Re1 dxc5 18. Rxe3 c4 19. Bf1 Qb6 20. Qd2 Nxh3+ 21. Kh2 Nf4 22. Ng5 Qd4 23. Qe1 b5 24. Nxe6 Nxe6 25. b3 Qd8 26. bxc4 Qh4+ 27. Kg1 Ncd4 28. Nf5 Qxe1 29. Rexe1 b4 30. Ne7+ Kf7 31. Nd5 a5 32. Nb6 Ra7 33. c5 Rc7 34. Nc4 Rxc5 35. Nd6+ Ke7 36. Nb7 Rxc1 37. Rxc1 a4 38. Rc7+ Nxc7 0-1

[Event "Uljanovsk Sidorov Memorial"]
[Site "Uljanovsk"]
[Date "2014.07.17"]
[Round "4"]
[White "Beldyugin, Alexey"]
[Black "Logunov, Vladimir"]
[Result "1-0"]
[WhiteElo "2093"]
[BlackElo "1731"]
[PlyCount "75"]
[EventDate "2014.07.16"]
[EventType "swiss"]
[EventRounds "9"]
[EventCountry "RUS"]
[SourceTitle "CBM 161 Extra"]
[Source "ChessBase"]
[SourceDate "2014.08.29"]
[SourceVersion "1"]
[SourceVersionDate "2014.08.29"]
[SourceQuality "1"]

1. b3 a5 2. Bb2 e6 3. g3 Nf6 4. Bg2 d5 5. Nf3 Be7 6. 0-0 0-0 7. c4 c6 8. Ne5 Nbd7 9. d4 Nxe5 10. dxe5 Nd7 11. Nd2 Qc7 12. f4 a4 13. cxd5 cxd5 14. Kh1 axb3 15. Nxb3 b6 16. Qd2 Ba6 17. Rfc1 Bc4 18. e4 Nc5 19. exd5 exd5 20. Bxd5 Bxd5+ 21. Qxd5 Rfd8 22. Qg2 Qa7 23. Nd4 Qa4 24. Nc6 Rd7 25. Nxe7+ Rxe7 26. Rd1 Rd7 27. Rxd7 Nxd7 28. Qd5 Nc5 29. Bd4 Qa3 30. Bxc5 bxc5 31. Rd1 h6 32. Rd2 Qc1+ 33. Kg2 Rb8 34. e6 Rb1 35. exf7+ Kh7 36. Qf5+ g6 37. f8N+ Kh8 38. Nxg6+ 1-0

[Event "Uljanovsk Student op"]
[Site "Uljanovsk"]
[Date "2014.04.06"]
[Round "8"]
[White "Beldyugin, Alexey"]
[Black "Olisov, Andrey"]
[Result "1-0"]
[WhiteElo "2098"]
[BlackElo "2157"]
[PlyCount "65"]
[EventDate "2014.03.22"]
[EventType "swiss"]
[EventRounds "9"]
[EventCountry "RUS"]
[SourceTitle "EXT 2016"]
[Source "ChessBase"]
[SourceDate "2015.10.08"]
[SourceVersion "1"]
[SourceVersionDate "2015.10.08"]
[SourceQuality "1"]

1. d4 Nf6 2. Nf3 g6 3. c4 Bg7 4. g3 0-0 5. Bg2 d6 6. b3 c6 7. Bb2 Bf5 8. Nc3 Ne4 9. Nh4 Nxc3 10. Bxc3 d5 11. Nxf5 gxf5 12. e3 e6 13. Rc1 Nd7 14. cxd5 cxd5 15. Bb4 Re8 16. 0-0 Qb6 17. Qd2 a5 18. Ba3 Bf8 19. Bxf8 Kxf8 20. Rc2 Nb8 21. Rfc1 Nc6 22. Bf1 Rec8 23. Rc5 Na7 24. Qc3 Rc6 25. a3 Ke7 26. b4 axb4 27. axb4 Kd8 28. Qa3 Rxc5 29. dxc5 Qc7 30. b5 Qb8 31. Ra1 b6 32. cxb6 Qxb6 33. Qf8+ 1-0

[Event "Uljanovsk Student op"]
[Site "Uljanovsk"]
[Date "2014.03.29"]
[Round "4"]
[White "Beldyugin, Alexey"]
[Black "Nikitin, Dmitry"]
[Result "1-0"]
[WhiteElo "2098"]
[BlackElo "1846"]
[PlyCount "57"]
[EventDate "2014.03.22"]
[EventType "swiss"]
[EventRounds "9"]
[EventCountry "RUS"]
[SourceTitle "EXT 2016"]
[Source "ChessBase"]
[SourceDate "2015.10.08"]
[SourceVersion "1"]
[SourceVersionDate "2015.10.08"]
[SourceQuality "1"]

1. Nf3 d5 2. c4 d4 3. b4 f6 4. e3 dxe3 5. fxe3 e5 6. a3 e4 7. Nd4 Nh6 8. Nb3 Bg4 9. Qc2 f5 10. d4 Bd6 11. c5 Qh4+ 12. Qf2 Be7 13. Qxh4 Bxh4+ 14. g3 Bf6 15. Bc4 Bh3 16. Nc3 c6 17. Na5 b5 18. Bb3 Nf7 19. Bb2 Ng5 20. Kf2 Kd7 21. d5 Bg4 22. h4 Nf3 23. dxc6+ Nxc6 24. Rad1+ Nfd4 25. Nxc6 Bxd1 26. Rxd1 Kxc6 27. Bd5+ Kc7 28. Bxa8 Nf3 29. Nxb5+ 1-0

[Event "Uljanovsk Student op"]
[Site "Uljanovsk"]
[Date "2014.03.23"]
[Round "2"]
[White "Beldyugin, Alexey"]
[Black "Pegov, Valery"]
[Result "1-0"]
[WhiteElo "2098"]
[BlackElo "1650"]
[PlyCount "81"]
[EventDate "2014.03.22"]
[EventType "swiss"]
[EventRounds "9"]
[EventCountry "RUS"]
[SourceTitle "EXT 2016"]
[Source "ChessBase"]
[SourceDate "2015.10.08"]
[SourceVersion "1"]
[SourceVersionDate "2015.10.08"]
[SourceQuality "1"]

1. d4 g6 2. c4 Nf6 3. Nf3 c5 4. d5 d6 5. Nc3 Bg7 6. g3 a6 7. a4 0-0 8. Bg2 e5 9. dxe6 fxe6 10. e4 Qe7 11. 0-0 Nc6 12. h3 Nd7 13. Bg5 Bf6 14. Bxf6 Rxf6 15. b3 Qf8 16. Ra2 Nb4 17. Rd2 e5 18. Ne1 b6 19. Nd5 Nxd5 20. exd5 a5 21. Nd3 Qh6 22. h4 Qf8 23. Re2 Nb8 24. f4 Bg4 25. Bf3 Bxf3 26. Rxf3 Nd7 27. Rfe3 exf4 28. gxf4 Qg7 29. Qe1 Rff8 30. Kg2 Qd4 31. Qg3 Nf6 32. Qh3 Rae8 33. Re6 Kg7 34. f5 gxf5 35. Qxf5 Rxe6 36. dxe6 Qxh4 37. e7 Rf7 38. Nf4 Kh6 39. e8N Nxe8 40. Qxf7 Nf6 41. Qxf6+ 1-0

[Event "Uljanovsk Student op"]
[Site "Uljanovsk"]
[Date "2014.03.23"]
[Round "3"]
[White "Pakshin, Vladimir"]
[Black "Beldyugin, Alexey"]
[Result "0-1"]
[WhiteElo "1815"]
[BlackElo "2098"]
[PlyCount "124"]
[EventDate "2014.03.22"]
[EventType "swiss"]
[EventRounds "9"]
[EventCountry "RUS"]
[SourceTitle "EXT 2016"]
[Source "ChessBase"]
[SourceDate "2015.10.08"]
[SourceVersion "1"]
[SourceVersionDate "2015.10.08"]
[SourceQuality "1"]

1. d4 d6 2. c4 e5 3. Nf3 Nc6 4. Nc3 Nf6 5. Bg5 Be7 6. e3 h6 7. Bh4 Bf5 8. h3 0-0 9. Be2 Re8 10. 0-0 Nh7 11. Bg3 exd4 12. Nxd4 Nxd4 13. Qxd4 Bf6 14. Qd2 Ng5 15. Bd3 Bxd3 16. Qxd3 Bxc3 17. bxc3 Ne4 18. Bh2 Nc5 19. Qe2 Qf6 20. Rac1 a5 21. f3 Ra6 22. e4 Rc6 23. Rfd1 Na4 24. Qe3 Rxc4 25. Rd4 Qe6 26. Rxc4 Qxc4 27. Qd2 Ra8 28. Bg3 Ra6 29. Bf2 Rc6 30. Bd4 b5 31. Qc2 Nc5 32. Qd2 Ne6 33. Be3 b4 34. cxb4 Qxc1+ 35. Qxc1 Rxc1+ 36. Bxc1 axb4 37. Kf2 Kf8 38. Ke3 Ke7 39. Kd3 Kd7 40. Kc4 c5 41. Be3 Kc6 42. Bc1 h5 43. h4 Nf8 44. Bb2 g6 45. a3 bxa3 46. Bxa3 Nd7 47. Bc1 Nb6+ 48. Kd3 d5 49. g4 Kd6 50. gxh5 gxh5 51. Bf4+ Ke6 52. Bc7 Nd7 53. exd5+ Kxd5 54. Ke3 Nf8 55. Ba5 Ne6 56. Bd2 f5 57. Bc3 Kc4 58. Ba5 Kb3 59. Kd2 Nf4 60. Bd8 c4 61. Bf6 Nd5 62. Be5 f4 0-1